Trump Needs This to Beat Clinton - Statistics

General Stats
  • This quiz has been taken 361 times
  • The average score is 3 of 4
Answer Stats
2012 Dem
majority
electoral
college votes
state % Correct
0.88% 29 Florida
97%
2.98% 18 Ohio
90%
3.88% 13 Virginia
57%
4.28% 9 Colorado
45%
No matching quizzes found
Score Distribution
Percent of People with Each Score
Percentile by Number Answered
Your Score History
You have not taken this quiz